Applications of nonlinear fiber optics /

Most of the material in this volume is new. The first three chapters deal with three important fiber-optic components--fiber-based gratings, couplers, and interferometers--that serve as the building blocks of lightwave technology. In view of the enormous impact of rare-earth-doped fibers, amplifiers...

Full description

Bibliographic Details
Main Author: Agrawal, G. P. (Govind P.), 1951-
Corporate Author: ScienceDirect (Online service)
Format: eBook
Language:English
Language Notes:English.
Published: San Diego : Academic Press, ©2001.
Series:Optics and photonics.
Subjects:
Online Access:Connect to the full text of this electronic book

MARC

Tag First Indicator Second Indicator Subfields
LEADER 00000cam a2200000 a 4500
001 in00005743607
005 20260326175723.4
006 m o d
007 cr cn|||||||||
008 010308s2001 caua ob 101 0 eng d
010 |z  00111105  
040 |a E7B  |b eng  |e pn  |c E7B  |d OCLCQ  |d N$T  |d IDEBK  |d OCLCQ  |d MERUC  |d OCLCQ  |d OCLCF  |d OCLCO  |d EEICP  |d OPELS  |d YDXCP  |d OCLCQ  |d AGLDB  |d STF  |d D6H  |d OCLCQ  |d VTS  |d AU@  |d OCLCQ  |d LEAUB  |d M8D  |d VLY  |d OCLCO  |d COM  |d OCLCO  |d OCL  |d OCLCQ  |d OCLCO  |d OCLCL  |d OCLCQ  |d OCLCL 
016 7 |a 000022878577  |2 AU 
019 |a 57192451  |a 162129365  |a 237004997  |a 1035712771  |a 1058015102  |a 1162254748  |a 1241816463 
020 |a 9780080499222  |q (electronic bk.) 
020 |a 0080499228  |q (electronic bk.) 
020 |z 9780120451449 
020 |z 0120451441 
020 |a 1281311391 
020 |a 9781281311399 
020 |a 9786611311391 
020 |a 6611311394 
035 |a (OCoLC)646747466  |z (OCoLC)57192451  |z (OCoLC)162129365  |z (OCoLC)237004997  |z (OCoLC)1035712771  |z (OCoLC)1058015102  |z (OCoLC)1162254748  |z (OCoLC)1241816463 
037 |a 89150:89150  |b Elsevier Science & Technology  |n http://www.sciencedirect.com 
050 4 |a QC448  |b .A38 2001eb 
072 7 |a TEC  |x 011000  |2 bisacsh 
082 0 4 |a 621.36/92  |2 22 
049 |a TXAM 
100 1 |a Agrawal, G. P.  |q (Govind P.),  |d 1951-  |1 https://id.oclc.org/worldcat/entity/E39PBJhMkmPXdWxCfDtCg9M9Dq 
245 1 0 |a Applications of nonlinear fiber optics /  |c Govind P. Agrawal. 
260 |a San Diego :  |b Academic Press,  |c ©2001. 
300 |a 1 online resource (xiv, 458 pages) :  |b illustrations. 
336 |a text  |b txt  |2 rdacontent 
337 |a computer  |b c  |2 rdamedia 
338 |a online resource  |b cr  |2 rdacarrier 
490 1 |a Optics and photonics 
504 |a Includes bibliographical references and index. 
588 0 |a Print version record. 
505 0 |a Front Cover; Applications of Nonlinear Fiber Optics; Copyright Page; Contents; Preface; Chapter 1. Fiber Gratings; Chapter 2. Fiber Couplers; Chapter 3. Fiber Interferometers; Chapter 4. Fiber Amplifiers; Chapter 5. Fiber Lasers; Chapter 6. Pulse Compression; Chapter 7. Fiber-Optic Communications; Chapter 8. Soliton Lightwave Systems; Appendix A Bit-Error Rate; Appendix B Acronyms; Index. 
520 |a Most of the material in this volume is new. The first three chapters deal with three important fiber-optic components--fiber-based gratings, couplers, and interferometers--that serve as the building blocks of lightwave technology. In view of the enormous impact of rare-earth-doped fibers, amplifiers and lasers made by using such fibers are covered in Chapters 4 and 5. The last three chapters describe important applications of nonlinear fiber optics and are devoted to pulse-compression techniques, fiber-optic communication systems, and soliton-based transmission schemes. This volume should serve well the need of the scientific community interested in such fields as ultrafast phenomena, optical amplifiers and lasers, and optical communications. It will also be useful to graduate students as well as scientists and engineers involved in lightwave technology. * Training resource for engineers involved with lightwave technology * Covers the importance of nonlinear effects in designing WDM lightwave systems * Up to date information for researchers. 
546 |a English. 
650 0 |a Fiber optics. 
650 0 |a Nonlinear optics. 
650 2 |a Fiber Optic Technology 
650 6 |a Optique des fibres. 
650 6 |a Optique non linéaire. 
650 7 |a fiber optics.  |2 aat 
650 7 |a TECHNOLOGY & ENGINEERING  |x Fiber Optics.  |2 bisacsh 
650 7 |a Fiber optics  |2 fast 
650 7 |a Nonlinear optics  |2 fast 
655 7 |a Electronic books.  |2 local 
655 2 |a Congress 
655 7 |a proceedings (reports)  |2 aat 
655 7 |a Conference papers and proceedings  |2 fast 
655 7 |a Conference papers and proceedings.  |2 lcgft 
655 7 |a Actes de congrès.  |2 rvmgf 
710 2 |a ScienceDirect (Online service) 
758 |i has work:  |a Applications of nonlinear fiber optics (Text)  |1 https://id.oclc.org/worldcat/entity/E39PCH8gttW3TBGD8cYYdtcy7d  |4 https://id.oclc.org/worldcat/ontology/hasWork 
776 0 8 |i Print version:  |a Agrawal, G.P. (Govind P.), 1951-  |t Applications of nonlinear fiber optics.  |d San Diego : Academic Press, ©2001  |w (DLC) 00111105 
830 0 |a Optics and photonics. 
856 4 0 |u http://proxy.library.tamu.edu/login?url=https://www.sciencedirect.com/science/book/9780120451449  |z Connect to the full text of this electronic book  |t 0 
936 |a BATCHLOAD 
955 |a Elsevier ScienceDirect 2026-2027 
994 |a 92  |b TXA 
999 f f |i 9ecfc8d6-875d-48e5-9ee9-16601322de2d  |s 6494d97d-e6b8-4926-b109-25b77cb9574f  |t 0 
952 f f |a Texas A&M University  |b College Station  |c Electronic Resources  |s www_evans  |d Available Online  |t 0  |e QC448 .A38 2001eb  |h Library of Congress classification 
998 f f |a QC448 .A38 2001eb  |t 0  |l Available Online